First ever - Statistics

General Stats
  • This quiz has been taken 9 times
  • The average score is 3 of 7
Answer Stats
Hint Answer % Correct
country? Egypt
83%
people? Adam/Eve
67%
day of God's creation? Day and Night
50%
chess game played (year)? Around the year 600
17%
console? Atari
17%
quiz on Jetpunk? First Ladies of the Unites States Quiz
17%
question (exact words and punctuation)? The first country?
0%
No matching quizzes found
Score Distribution
Percent of People with Each Score
Percentile by Number Answered
Your Score History
You have not taken this quiz